书目信息 |
| 题名: |
哲学视野:法治与德治新论
|
|
| 作者: | 纳麒 , 吕怀玉 著 | |
| 分册: | ||
| 出版信息: | 北京 社会科学文献出版社 2006 |
|
| 页数: | 289页 | |
| 开本: | 21cm | |
| 丛书名: | ||
| 单 册: | ||
| 中图分类: | D920.0 , D648.3 , D648.3 | |
| 科图分类: | ||
| 主题词: | 社会主义法制--研究--中国 , 社会公德教育--研究--中国 , 政治--中国 | |
| 电子资源: | ||
| ISBN: | 7-80190-918-6 | |
| 000 | 01249nam0 2200289 450 | |
| 001 | 1541788103 | |
| 005 | 20150126113656.46 | |
| 010 | @a7-80190-918-6@dCNY23.00 | |
| 100 | @a20060104d2006 em y0chiy50 ea | |
| 101 | 0 | @achi |
| 102 | @aCN@b110000 | |
| 105 | @ay z 000yy | |
| 200 | 1 | @a哲学视野:法治与德治新论@9zhe xue shi ye : fa zhi yu de zhi xin lun@dPhilosophy field of vision: a new theory on the government by law and virtuous rule@f纳麒,吕怀玉著@zeng |
| 210 | @a北京@c社会科学文献出版社@d2006 | |
| 215 | @a289页@d21cm | |
| 330 | @a本书以宽广的哲学视野,分析了法治与德治及其相互关系的历史演变,指出了两者之间存在着“合—分—合”的历史运动,社会主义社会中法治与德治之间是一个不可分割的“法治—人—德治”双向动互动关系链条,坚持“以人为本”进行法治与德治建设是构建社会主义和谐社会的必然选择。 | |
| 510 | 1 | @aPhilosophy field of vision: a new theory on the government by law and virtuous rule@zeng |
| 606 | 0 | @a社会主义法制@x研究@y中国 |
| 606 | 0 | @a社会公德教育@x研究@y中国 |
| 606 | 0 | @a政治@x中国 |
| 690 | @aD920.0@v5 | |
| 690 | @aD648.3@v5 | |
| 690 | @aD648.3@v4 | |
| 701 | 0 | @c(回)@a纳麒@9na qi@f(1952~)@4著 |
| 701 | 0 | @a吕怀玉@9lv huai yu@f(1974.10~)@4著 |
| 801 | 0 | @aCN@bTSSF@c20150126 |
| 905 | @aZUCC@dD648.3@eJY1 | |
| 哲学视野:法治与德治新论=Philosophy field of vision: a new theory on the government by law and virtuous rule/纳麒,吕怀玉著.-北京:社会科学文献出版社,2006 |
| 289页;21cm |
| ISBN 7-80190-918-6:CNY23.00 |
| 本书以宽广的哲学视野,分析了法治与德治及其相互关系的历史演变,指出了两者之间存在着“合—分—合”的历史运动,社会主义社会中法治与德治之间是一个不可分割的“法治—人—德治”双向动互动关系链条,坚持“以人为本”进行法治与德治建设是构建社会主义和谐社会的必然选择。 |
| ● |
| 相关链接 |
|
|
|
|
正题名:哲学视野:法治与德治新论
索取号:D648.3/JY1
 
预约/预借
| 序号 | 登录号 | 条形码 | 馆藏地/架位号 | 状态 | 备注 |
| 1 | 7859854 | 278598545 | 学院路分馆/ [索取号:D648.3/JY1] | 在馆 |